| 000 | 00515nam a2200169 i 4500 | ||
|---|---|---|---|
| 001 | 100615 | ||
| 003 | ES-MaACL | ||
| 005 | 20230906182716.0 | ||
| 007 | t| | ||
| 008 | 050930s1969 sp ||||1| spa d | ||
| 100 | 1 |
_aMasi, Roberto. _978716 |
|
| 245 | 1 | 3 |
_aEl significado del misterio eucarÃstico / _cR. Masi; [traducción: Luis Fuentes de la Corte]. |
| 260 |
_aMadrid : _bPalabra, _c1969. |
||
| 300 |
_a110 p. ; _c18 cm. |
||
| 700 | 1 |
_aFuentes de la Corte, Luis. _952917 |
|
| 852 |
_aES-MaACL _jC-36527 _bR.71100 |
||
| 999 |
_c100615 _d100615 |
||